02080naa a22002897a 45000010005000000030009000050050017000140080041000310400034000720410013001060440007001190800011001261000116001372450137002532460086003905000021004765200689004976500026011866550030012126500029012427000116012717000118013877730219015059420013017249990015017379520038017527196KOSZ 00520190610114327.0141020b2010 pl a|||| |||| 10| 0 pol  cBPPdKOSZ 005/EGdKOSZ 005/HR apolbeng apl a621.921 aKACALAK, Wojciech.d1996 - .bPolitechnika Koszalińska - Wydział Mechaniczny,cKatedra Mechaniki Precyzyjnej10aMetodyka analizy i oceny topografii powierzchni czynnej folii ściernych /cWojciech Kacalak, Katarzyna Tandecka, Robert Tomkowski.31aMethods of analysis and evaluation of grinding belts of active surface topography aDane z autopsji. aW publikacji opisano problemy dotyczące badań, analizy i oceny cech stereometrycznych powierzchni czynnej folii ściernych o małych rozmiarach ziaren - od 0,5-15 mikrometrów. Zwrócono uwagę na charakterystyczne grupowanie małych ziaren w nieregularnie rozmieszczone pasma (wydłużone agregaty). Przeprowadzono analizę skupień ziaren oraz odległości między agregatami w kierunku reprezentującym tor względny ziaren i obrabianego materiału. Przedstawiono obszary powierzchni folii ściernych uzyskane z wykorzystaniem mikroskopu konfokalnego. W podsumowaniu zawarto wnioski dotyczące wykorzystania wyników badań w doborze parametrów wygładzania.  0aMateriały ścierne. 0aMateriały konferencyjne. 0aInżynieria powierzchni1 aTOMKOWSKI, Robert.d2008 - .bPolitechnika Koszalińska - Wydział Mechaniczny,cKatedra Mechaniki Precyzyjnej aTANDECKA, Katarzyna.bPolitechnika Koszalińska - Wydział Mechaniczny,cKatedra Mechaniki Precyzyjnejd2011 - .0 iW :tPodstawy i technika obróbki ściernej / pod red. A. Gołąbczaka i B. Kruszyńskiego. -dŁódź : Politechnika Łódzka, 2010. -gs.177-192kMonografia Wydziału Mechanicznego / Politechnika Łódzka cROZ2UKD c7196d7196 00104070aBPKbBPKo104285yROZ